| Tag |
First Indicator |
Second Indicator |
Subfields |
| LEADER |
00000nmm a22000001a 4500 |
| 001 |
in00004629331 |
| 006 |
m|||||o||m|||||||| |
| 007 |
cr|cn |||uuuuu |
| 008 |
221118s2012 xxu||||do|||| ||||||eng d |
| 005 |
20221207222123.9 |
| 035 |
|
|
|a (TxWaIVM)IV12297ArAr
|
| 040 |
|
|
|a TxWaIVM
|c TxWaIVM
|
| 245 |
0 |
0 |
|a Archie #6 /
|c powered by Library Pass.
|
| 260 |
3 |
|
|a [United States] :
|b Archie Comics,
|c 2012.
|
| 300 |
|
|
|a 1 online resource.
|
| 336 |
|
|
|a text
|b txt
|2 rdacontent
|
| 337 |
|
|
|a computer
|b c
|2 rdamedia
|
| 338 |
|
|
|a online resource
|b cr
|2 rdacarrier
|
| 520 |
|
|
|a "Halloween Hi-Jinx." When Mr. Weatherbee is caught in a sidewalk spat between Reggie and Archie, Archie finds himself banned from the Halloween dance! Betty convinces him to come anyway, though, since Mr. Weatherbee is unlikely to attend the soirée. So what's he to do when the 'Bee shows up? Plus another 45 pages of adventures with Oscar, Bumbie and more! DISCLAIMER: The stories, characters, and incidents in this publication are entirely fictional. This publication contains material that was originally created in a less racially and socially sensitive time in our society and reflects attitudes that may be represented as offensive today. The stories are represented here without alteration for historical reference.
|
| 521 |
|
|
|a 2
|
| 538 |
|
|
|a Requires a valid library card and registration for new users.
|
| 538 |
|
|
|a Mode of access: World Wide Web.
|
| 538 |
|
|
|a System requirements: Flash 10.1 or higher, Windows XP and higher, Internet Explorer 7 and higher, Firefox 3.6 and higher, Google Chrome; Max OS 10.5 and higher, Safari 4 and higher.
|
| 650 |
|
0 |
|a Humor
|
| 655 |
|
7 |
|a Electronic books.
|2 local
|
| 655 |
|
7 |
|a Humor
|2 gsafd
|
| 650 |
|
0 |
|a Romance comic books, strips, etc.
|
| 655 |
|
7 |
|a Romance comic books, strips, etc.
|2 gsafd
|
| 700 |
1 |
|
|a Cole, Curley.
|e writer.
|
| 700 |
1 |
|
|a Goggin, Ed.
|e writer.
|
| 700 |
1 |
|
|a Sahle, Harry.
|e writer.
|
| 700 |
1 |
|
|a Edwards, Joe.
|e writer.
|
| 700 |
1 |
|
|a Harrison, Clem.
|e artist.
|
| 700 |
1 |
|
|a Weisbecker, Clem.
|e artist.
|
| 700 |
1 |
|
|a Sahle, Harry.
|e artist.
|
| 700 |
1 |
|
|a Valleau, Janice.
|e artist.
|
| 700 |
1 |
|
|a Edwards, Joe.
|e artist.
|
| 700 |
1 |
|
|a Szenics, Zoltan.
|e artist.
|
| 710 |
2 |
|
|a Library Pass, LLC.
|
| 856 |
4 |
0 |
|u http://proxy.library.tamu.edu/login?url=https://tamu.librarypass.com/product/com.iversecomics.archie.comics.archie.six.08202012
|z Connect to this electronic book (First time users create your free account)
|t 0
|
| 955 |
|
|
|a Comics Plus.
|
| 999 |
f |
f |
|s f88fdeaa-b555-4191-b10d-236d3ea642c1
|i dc160b1d-6790-4a25-9d19-108eec055dde
|t 0
|
| 952 |
f |
f |
|a Texas A&M University
|b College Station
|c Electronic Resources
|d Available Online
|t 0
|h Library of Congress classification
|
| 998 |
f |
f |
|t 0
|l Available Online
|